000
00263nam a2200109Ia 4500
082
_a
615.538
_b
V 13 N
100
_a
NUMBURI,U.R. SOSHAR
245
_a
TEXTBOOK OF VYAVAHARAYURVEDA
260
_b
CHAUKHAMBHA PUB. NEW DELHI
_c
2013
300
_a
362
942
_2
ddc
_c
BK
_0
42
999
_c
7730
_d
7730